<?xml version="1.0" encoding="UTF-8"?>
<record
    xmlns:xsi="http://www.w3.org/2001/XMLSchema-instance"
    xsi:schemaLocation="http://www.loc.gov/MARC21/slim http://www.loc.gov/standards/marcxml/schema/MARC21slim.xsd"
    xmlns="http://www.loc.gov/MARC21/slim">

  <leader>02307nam a22003137a 4500</leader>
  <controlfield tag="005">20100916163733.0</controlfield>
  <datafield tag="010" ind1=" " ind2=" ">
    <subfield code="a">HIN-90510        B-432934-938</subfield>
  </datafield>
  <datafield tag="020" ind1=" " ind2=" ">
    <subfield code="c">425.00</subfield>
    <subfield code="a">9789380146775</subfield>
  </datafield>
  <datafield tag="035" ind1=" " ind2=" ">
    <subfield code="a">HN-62856</subfield>
  </datafield>
  <datafield tag="037" ind1=" " ind2=" ">
    <subfield code="b">DBAD / PUB</subfield>
  </datafield>
  <datafield tag="037" ind1=" " ind2=" ">
    <subfield code="b">B-432934-938</subfield>
  </datafield>
  <datafield tag="082" ind1=" " ind2=" ">
    <subfield code="a">&#x909;</subfield>
  </datafield>
  <datafield tag="100" ind1=" " ind2=" ">
    <subfield code="a">&#x92D;&#x948;&#x930;&#x92A;&#x94D;&#x92A;&#x93E;, &#x90F;&#x938;.&#x90F;&#x932;.</subfield>
    <subfield code="9">28319</subfield>
  </datafield>
  <datafield tag="245" ind1=" " ind2=" ">
    <subfield code="a">&#x906;&#x935;&#x930;&#x923; /</subfield>
    <subfield code="c">&#x90F;&#x938;.&#x90F;&#x932;.&#x92D;&#x948;&#x930;&#x92A;&#x94D;&#x92A;&#x93E;; &#x92A;&#x94D;&#x930;&#x927;&#x93E;&#x928; &#x917;&#x941;&#x930;&#x941;&#x926;&#x924;&#x94D;&#x924; &#x926;&#x94D;&#x935;&#x93E;&#x930;&#x93E; &#x938;&#x902;&#x92A;&#x93E;&#x926;&#x93F;&#x924;</subfield>
  </datafield>
  <datafield tag="246" ind1=" " ind2=" ">
    <subfield code="a">Aavran</subfield>
    <subfield code="h">by Sirshree</subfield>
  </datafield>
  <datafield tag="260" ind1=" " ind2=" ">
    <subfield code="a">&#x928;&#x908; &#x926;&#x93F;&#x932;&#x94D;&#x932;&#x940;</subfield>
    <subfield code="b">&#x915;&#x93F;&#x924;&#x93E;&#x92C;&#x918;&#x930; &#x92A;&#x94D;&#x930;&#x915;&#x93E;&#x936;&#x928;</subfield>
    <subfield code="c">2010</subfield>
  </datafield>
  <datafield tag="270" ind1=" " ind2=" ">
    <subfield code="a">4855-56/24, &#x905;&#x902;&#x938;&#x93E;&#x930;&#x940; &#x930;&#x94B;&#x921;&#x93C;, &#x926;&#x930;&#x93F;&#x92F;&#x93E;&#x917;&#x902;&#x91C;</subfield>
    <subfield code="b">&#x928;&#x908; &#x926;&#x93F;&#x932;&#x94D;&#x932;&#x940;</subfield>
    <subfield code="e">110002</subfield>
  </datafield>
  <datafield tag="300" ind1=" " ind2=" ">
    <subfield code="a">295&#x92A;&#x943;.</subfield>
    <subfield code="c">22&#x938;&#x947;&#x92E;&#x940; (&#x938;&#x91C;&#x93F;&#x932;&#x94D;&#x926;)</subfield>
  </datafield>
  <datafield tag="700" ind1=" " ind2=" ">
    <subfield code="9">20179</subfield>
    <subfield code="a">&#x92A;&#x94D;&#x930;&#x927;&#x93E;&#x928; &#x917;&#x941;&#x930;&#x941;&#x926;&#x924;&#x94D;&#x924;</subfield>
  </datafield>
  <datafield tag="700" ind1=" " ind2=" ">
    <subfield code="9">20333</subfield>
  </datafield>
  <datafield tag="942" ind1=" " ind2=" ">
    <subfield code="2">ddc</subfield>
    <subfield code="c">HN</subfield>
    <subfield code="h">&#x909;</subfield>
    <subfield code="m">&#x92D;&#x948;&#x930;&#x92A;&#x94D;&#x92A;&#x93E;</subfield>
  </datafield>
  <datafield tag="999" ind1=" " ind2=" ">
    <subfield code="c">46334</subfield>
    <subfield code="d">46334</subfield>
  </datafield>
  <datafield tag="952" ind1=" " ind2=" ">
    <subfield code="0">0</subfield>
    <subfield code="1">0</subfield>
    <subfield code="2">ddc</subfield>
    <subfield code="4">0</subfield>
    <subfield code="7">1</subfield>
    <subfield code="8">NFIC</subfield>
    <subfield code="a">DBAD</subfield>
    <subfield code="b">DBAD</subfield>
    <subfield code="d">2010-09-16</subfield>
    <subfield code="e">DBAD / PUB</subfield>
    <subfield code="g">425.00</subfield>
    <subfield code="l">0</subfield>
    <subfield code="o">&#x909; &#x92D;&#x948;&#x930;&#x92A;&#x94D;&#x92A;&#x93E;</subfield>
    <subfield code="p">HN-62856</subfield>
    <subfield code="r">2010-09-16 00:00:00</subfield>
    <subfield code="t">1</subfield>
    <subfield code="v">425.00</subfield>
    <subfield code="w">2010-09-16</subfield>
    <subfield code="y">HN</subfield>
  </datafield>
  <datafield tag="952" ind1=" " ind2=" ">
    <subfield code="0">0</subfield>
    <subfield code="1">0</subfield>
    <subfield code="4">0</subfield>
    <subfield code="7">0</subfield>
    <subfield code="8">FIC</subfield>
    <subfield code="a">L</subfield>
    <subfield code="b">L</subfield>
    <subfield code="d">2011-05-30</subfield>
    <subfield code="e">&#x92C;&#x932;&#x94D;&#x92F;&#x942; &#x92C;&#x948;&#x930;&#x940;/6362/25.3.11/79/15.3.11/31.3.11</subfield>
    <subfield code="g">425.00</subfield>
    <subfield code="l">4</subfield>
    <subfield code="o">&#x909; &#x92D;&#x948;&#x930;&#x92A;&#x94D;&#x92A;&#x93E;</subfield>
    <subfield code="p">B-432934</subfield>
    <subfield code="r">2019-10-15 00:00:00</subfield>
    <subfield code="s">2019-10-03</subfield>
    <subfield code="t">2</subfield>
    <subfield code="v">425.00</subfield>
    <subfield code="w">2011-05-30</subfield>
    <subfield code="y">HN</subfield>
  </datafield>
  <datafield tag="952" ind1=" " ind2=" ">
    <subfield code="0">0</subfield>
    <subfield code="1">0</subfield>
    <subfield code="4">0</subfield>
    <subfield code="7">0</subfield>
    <subfield code="8">FIC</subfield>
    <subfield code="a">L</subfield>
    <subfield code="b">L</subfield>
    <subfield code="d">2011-05-30</subfield>
    <subfield code="e">&#x92C;&#x932;&#x94D;&#x92F;&#x942; &#x92C;&#x948;&#x930;&#x940;/6362/25.3.11/79/15.3.11/31.3.11</subfield>
    <subfield code="g">425.00</subfield>
    <subfield code="l">0</subfield>
    <subfield code="o">&#x909; &#x92D;&#x948;&#x930;&#x92A;&#x94D;&#x92A;&#x93E;</subfield>
    <subfield code="p">B-432935</subfield>
    <subfield code="r">2011-05-30 00:00:00</subfield>
    <subfield code="t">2</subfield>
    <subfield code="v">425.00</subfield>
    <subfield code="w">2011-05-30</subfield>
    <subfield code="y">HN</subfield>
  </datafield>
  <datafield tag="952" ind1=" " ind2=" ">
    <subfield code="0">0</subfield>
    <subfield code="1">0</subfield>
    <subfield code="4">0</subfield>
    <subfield code="7">0</subfield>
    <subfield code="8">FIC</subfield>
    <subfield code="a">BL1</subfield>
    <subfield code="b">BL1</subfield>
    <subfield code="d">2011-05-30</subfield>
    <subfield code="e">&#x92C;&#x932;&#x94D;&#x92F;&#x942; &#x92C;&#x948;&#x930;&#x940;/6362/25.3.11/79/15.3.11/31.3.11</subfield>
    <subfield code="g">425.00</subfield>
    <subfield code="l">1</subfield>
    <subfield code="o">&#x909; &#x92D;&#x948;&#x930;&#x92A;&#x94D;&#x92A;&#x93E;</subfield>
    <subfield code="p">B-432936</subfield>
    <subfield code="r">2025-08-18 00:00:00</subfield>
    <subfield code="s">2025-08-07</subfield>
    <subfield code="t">1</subfield>
    <subfield code="v">425.00</subfield>
    <subfield code="w">2011-05-30</subfield>
    <subfield code="y">HN</subfield>
  </datafield>
  <datafield tag="952" ind1=" " ind2=" ">
    <subfield code="0">0</subfield>
    <subfield code="1">0</subfield>
    <subfield code="4">0</subfield>
    <subfield code="7">0</subfield>
    <subfield code="8">FIC</subfield>
    <subfield code="a">ZLS</subfield>
    <subfield code="b">ZLS</subfield>
    <subfield code="d">2011-05-30</subfield>
    <subfield code="e">&#x92C;&#x932;&#x94D;&#x92F;&#x942; &#x92C;&#x948;&#x930;&#x940;/6362/25.3.11/79/15.3.11/31.3.11</subfield>
    <subfield code="g">425.00</subfield>
    <subfield code="l">0</subfield>
    <subfield code="o">&#x909; &#x92D;&#x948;&#x930;&#x92A;&#x94D;&#x92A;&#x93E;</subfield>
    <subfield code="p">B-432937</subfield>
    <subfield code="r">2011-05-30 00:00:00</subfield>
    <subfield code="t">1</subfield>
    <subfield code="v">425.00</subfield>
    <subfield code="w">2011-05-30</subfield>
    <subfield code="y">HN</subfield>
  </datafield>
  <datafield tag="952" ind1=" " ind2=" ">
    <subfield code="0">0</subfield>
    <subfield code="1">5</subfield>
    <subfield code="4">0</subfield>
    <subfield code="7">0</subfield>
    <subfield code="8">FIC</subfield>
    <subfield code="a">BL4</subfield>
    <subfield code="b">BL4</subfield>
    <subfield code="d">2011-05-30</subfield>
    <subfield code="e">&#x92C;&#x932;&#x94D;&#x92F;&#x942; &#x92C;&#x948;&#x930;&#x940;/6362/25.3.11/79/15.3.11/31.3.11</subfield>
    <subfield code="g">425.00</subfield>
    <subfield code="l">0</subfield>
    <subfield code="o">&#x909; &#x92D;&#x948;&#x930;&#x92A;&#x94D;&#x92A;&#x93E;</subfield>
    <subfield code="p">B-432938</subfield>
    <subfield code="r">2011-05-30 00:00:00</subfield>
    <subfield code="t">1</subfield>
    <subfield code="v">425.00</subfield>
    <subfield code="y">HN</subfield>
  </datafield>
</record>
